banner koha

Germinación de Baccharis dracunculifolia subsp. tandilensis: caracterización basada en la temperatura, la luz y la salinidad (Registro n. 337377)

MARC details
000 -LÍDER
fixed length control field 04209nab a2200277 i 4500
003 - CÓDIGO MARC DA AGÊNCIA CATALOGADORA
Campo de controle BR-BrBNA
005 - DATA E HORA DA ÚLTIMA ATUALIZAÇÃO
Campo de controle 20250730110355.0
008 - CAMPO DE TAMANHO FIXO
fixed length control field 250730b2020 bl.ar|pooa||| 00| 0 spa |
040 ## - FONTE DA CATALOGAÇÃO
Agência catalogadora BR-BrBNA
Idioma da catalogação spa
072 ## - CATEGORIA AGRIS
Código AGRIS F62
072 ## - CATEGORIA AGRIS
Código AGRIS F03
100 ## - ENTRADA PRINCIPAL - NOME PESSOAL
Nome pessoal Manfreda, Vilma Teresa
100 ## - ENTRADA PRINCIPAL - NOME PESSOAL
Nome pessoal Alcaraz, María Luciana
100 ## - ENTRADA PRINCIPAL - NOME PESSOAL
Nome pessoal Scaramuzzino, Rosa Lourdes
245 ## - TÍTULO PRINCIPAL
Título principal Germinación de Baccharis dracunculifolia subsp. tandilensis: caracterización basada en la temperatura, la luz y la salinidad
500 ## - NOTA GERAL
Nota geral Publicação on-line; Bibliography p. 10-13 (63 ref.); 4 tables; 2 illus.; Summaries (En, Es)
942 ## - ADDED ENTRY ELEMENTS (KOHA)
Koha item type Analítica
520 ## - NOTA DE RESUMO
Nota de conteúdo <br/><br/>Abstract<br/><br/>Baccharis dracunculifolia is a South American dioecious shrub of the Asteraceae family, with a wide<br/>geographic distribution and potential use for recovery of degraded areas, ornamental and medicinal<br/>purposes. There are two subspecies: B. dracunculifolia subsp. dracunculifolia and B. dracunculifolia<br/>subsp. tandilensis. The latter is endemic to the Tandilia hills system in Argentina and recently was<br/>recorded its expansion to another environment, the coastal dunes in the Buenos Aires province. The aims<br/>of this research were to characterize the germination of B. dracunculifolia subsp. tandilensis according<br/>to temperature and light, and to compare the germination in saline conditions of seeds coming from hills<br/>(A) and marine coastal dune environment (C). Germination responds positively to light without showing<br/>another important type of primary dormancy. Thermal time was 2500°Ch (104°Cd) and base temperature<br/>of 6°C, without temperature germination constraints between 20–28°C and thermo-inhibition at 35° C.<br/>Response to NaCl concentrations was similar between seeds from environments A and C, both showed<br/>strong germination inhibition at 100 mM of NaCl and higher concentrations. These results are discussed<br/>in relation to environmental conditions and in comparation whit physiological characteristics reported<br/>for subsp. dracunculifolia and other species within the genus Baccharis. <br/><br/>Key words: germination, thermal time, light-dark, salinity, Baccharis sp.<br/><br/><br/><br/><br/><br/>Resumen<br/><br/>Baccharis dracunculifolia es un arbusto dioico sudamericano de la familia Asteraceae, de amplia<br/>distribución geográfica con potencial uso en la recuperación de áreas degradadas, ornamental y medicinal.<br/>Existen dos subespecies: B. dracunculifolia subesp. dracunculifolia y B. dracunculifolia subesp.<br/>tandilensis. Esta última es endémica del sistema serrano de Tandilia y fue recientemente registrada su<br/>expansión a dunas costeras de la provincia de Buenos Aires. Los objetivos del trabajo fueron caracterizar<br/>la germinación de B. dracunculifolia subesp. tandilensis según la temperatura y luz, y comparar la<br/>germinación en condiciones salinas de semillas provenientes del ámbito serrano (A) con las de la costa<br/>marítima (C). Se pudo comprobar que la germinación responde positivamente a la luz y sin presentar<br/>otro tipo de dormición primaria de importancia. El tiempo térmico estimado fue 2500°Ch (104°Cdía) y la<br/>temperatura base de 6°C, respondiendo al rango de 20 a 28°C con una germinación óptima y encontrándose<br/>termoinhibidas a 35°C. La respuesta a diferentes concentraciones de NaCl fue similar entre las semillas<br/>procedentes de A y C: concentraciones de 100 mM de NaCl y superiores fueron fuertemente inhibitorias<br/>de la germinación. Se discuten estos resultados relacionándolos con distintas condiciones ambientales y<br/>comparándolos con características fisiológicas de la germinación publicadas para la subsp. dracunculifolia<br/>y otras especies del género Baccharis.<br/><br/>Palabras clave: germinación, tiempo térmico, luz-oscuridad, salinidad, Baccharis sp.
650 ## - ASSUNTO - THESAGRO
Cabeçalho tópico ou nome geográfico GERMINAÇÃO
650 ## - ASSUNTO - THESAGRO
Cabeçalho tópico ou nome geográfico RADIAÇÃO LUMINOSA
650 ## - ASSUNTO - THESAGRO
Cabeçalho tópico ou nome geográfico SALINIDADE
650 ## - ASSUNTO - THESAGRO
Cabeçalho tópico ou nome geográfico BACCHARIS
773 0# - ENTRADA ANALÍTICA
Host Biblionumber 709
Registro do item 353216
Imprenta Rio de Janeiro-RJ Jardim Botanico do Rio de Janeiro 1935
Outro identificador 2025-4473
Título Rodriguésia (Brazil)
ISSN 0370-6583; 2175-7860 on-line
Colação v. 71 p. 1-13; (2020)
Número de controle de registro BR2025003345
856 ## - ACESSO E ENDEREÇO ELETRÔNICO
Identificador uniforme de recurso - URI https://www.scielo.br/j/rod/a/jqCTvNpGCKb5khSdyXXqHxx/?format=pdf&lang=en

Nenhum exemplar disponível.

BINAGRI

Telefone: (61)3218-2567/2388/3357/2097 - binagri@agro.gov.br

Ministério da Agricultura e Pecuária , Esplanada dos Ministérios, Bloco D, Anexo B, Brasília/DF, CEP: 70.043-900